Tous les pays représentés à Miss Univers 2023 - Statistiques

Statistiques générales
  • Ce quiz a été pris 223 fois
  • Le résultat moyen est 45 sur 84
Statistiques - réponses
Candidate Pays % Correct
Diane Leyre France
97%
Noelia Voigt Etats-Unis
92%
Athenea Pérez Espagne
89%
Rio Miyazaki Japon
88%
Margarita Golubeva Russie
85%
Anntonia Porsild Thailande
82%
Helena Bleicher Allemagne
80%
Moraya Wilson Australie
80%
Madison Kvaltin Canada
79%
Camila Avella Colombie
79%
Carmen Panepinto Italie
79%
Maria Brechane Brésil
78%
Melissa Flores Mexique
78%
Marina Machete Portugal
78%
Paula Joukanen Finlande
77%
Jessica Page Grande-Bretagne
76%
Bryoni Govender Afrique du Sud
74%
Emilie Vansteenkiste Belgique
74%
Shweta Sharda Inde
74%
Yamile Dajud Argentine
73%
Nikoline Uhrenholt Hansen Danemark
72%
Diana Silva Venezuela
72%
Celeste Viel Chili
71%
Michelle Dee Philippines
71%
Angelika Jurkowianiec Pologne
71%
Sheynnis Palacios Nicaragua
70%
Angelina Usanova Ukraine
70%
So-yun Kim Corée du Sud
66%
Lorena Santen Suisse
66%
Aishah Akorede Irlande
64%
Camila Escribens Pérou
64%
Lilja Sif Pétursdóttir Islande
63%
Rikkie Kollé Pays-Bas
63%
Marielia Zaloumi Grèce
62%
Julie Tollefsen Norvège
61%
Quỳnh Hoa Bùi Viet Nam
60%
Endi Demneri Albanie
58%
Lisbeth Valverde Costa Rica
56%
Fabiënne Groeneveld Indonésie
56%
Jordanne Levy Jamaique
55%
Erica Robin Pakistan
54%
Delary Stoffers Equateur
53%
Ana Bárbara Coimbra Angola
52%
Michelle Cohn Guatemala
51%
Elicena Andrada Paraguay
51%
Estefany Rivero Bolivie
50%
Phaimany Lathsabanthao Laos
50%
Jane Dipika Garrett Népal
50%
Issie Princesse Cameroun
49%
Andrea Erjavec Croatie
47%
Zuheilyn Clemente Honduras
47%
Isabella García-Manzo Salvador
47%
Kinga Puhová Slovaquie
47%
Tünde Blága Hongrie
46%
John Sotima Cambodge
45%
Vanesa Švédová République tchèque
45%
Mohra Tantawy Egypte
44%
Mariana Downing République dominicaine
44%
Yuliia Pavlikova Bulgarie
43%
Kate Alexeeva Lettonie
43%
Serena Lee Malaisie
43%
Natasha Vargas Panama
43%
Mitchel Ugochi Ihezue Nigeria
42%
Maya Aboul Hosn Liban
41%
Arbesa Rrahmani Kosovo
38%
Melissa Ingraham Bahamas
37%
Lisa Narine Guyana
37%
Ella Portelli Malte
35%
Amara Bo Birmanie
34%
Tomiris Zair Kazakhstan
34%
Jameela Uiras Namibie
34%
Brooke Bruk-Jackson Zimbabwe
33%
Karla Guilfú Porto Rico
32%
Priyanka Annuncia Singapour
29%
Namuunzul Batmagnai Mongolie
26%
Earlyca Frederick Sainte-Lucie
25%
Karol Croes Aruba
23%
Tatiana Beauharnais Maurice
20%
Faith Gillezeau Trinité-et-Tobago
17%
Lujane Yacoub Bahrein
16%
Kim Rossen Curaçao
14%
Diana Hinestrosa Guinée Equatoriale
12%
Ashellica Fahie Iles Vierges Britanniques
10%
Ileann Powery Iles Caiman
6%
Aucun quiz correspondant
Distribution des résultats
% des personnes avec chaque résultat
Percentile par nombre de réponses
Votre historique - résultats
Vous n’avez pas pris ce quiz